Statistics for NBA All-Stars By Letter - L

Click here to take the quiz!

General Stats

  • This quiz has been taken 67 times
  • The average score is 10 of 19

Answer Stats

Players Selections Last Teams % Correct
Kawhi Leonard42020Spurs-Raptors-Clippers
94%
Damian Lillard52020Trail Blazers
94%
Bob Love31973Bulls
91%
Kyle Lowry62020Raptors
91%
Kevin Love52018Timberwolves-Cavaliers
91%
Bill Laimbeer41987Pistons
70%
Rashard Lewis22009SuperSonics-Magic
68%
Reggie Lewis11992Celtics
68%
Brook Lopez12013Nets
68%
Clyde Lee11968Warriors
62%
David Lee12013Knicks-Warriors
62%
Bob Lanier81982Pistons-Bucks
57%
Jerry Lucas71971Royals-Warriors
26%
Maurice Lucas41983Trail Blazers-Suns
26%
Fat Lever21990Nuggets
19%
Christian Laettner11997Hawks
17%
Clyde Lovellette31961Lakers-Hawks
13%
Sam Lacey11975Kings
9%
Rudy LaRusso51969Lakers-Warriors
6%

Score Distribution

Percentile by Number Answered

Percent of People with Each Score

Your Score History

You have not taken this quiz